000 00650nam a22002297a 4500
999 _c8818
_d8818
003 AR-CdUCM
008 190326b ||||| |||| 00| 0 eng d
020 _a0-9688569-0-X
040 _aMUNICIPALIDAD PROVINCIAL DEL CUSCO
_cBIBLIOTECA MUNICIPAL DEL CUSCO
082 _a810 /
_bC277
100 _aCarin, Michael
_924563
245 _aThe future jew /
260 _aCanadá :
_bMRW Press,
_c2001.
300 _a273 páginas ;
_c23 cm.
505 _aContenido: Historia Judía.
650 _aHistoria Judía
_924564
650 _aJudaismo
_93633
650 _aMoshé
_924565
650 _aHolocausto
_924566
942 _2ddc
_cLIBROS
945 _adavv